Contabilidad II.

Uloženo v:
Podrobná bibliografie
Hlavní autor: García Castañeda, María Teresa (autora)
Médium: Kniha
Jazyk:španělština
Vydáno: Valparaíso, Chile Universitarias de Valparaíso 1978
Vydání:Segunda edición
Témata:
Tagy: Přidat tag
Žádné tagy, Buďte první, kdo vytvoří štítek k tomuto záznamu!

MARC

LEADER 00000nam a2200000 a 4500
001 UCW2790
003 CL-VaPUC
005 20241008125701.0
008 901218e19780000CL |||||||||||||||||spa|d
999 |c 217235  |d 217233 
040 |c Pontificia Universidad Católica de Valparaíso 
082 0 4 |a 657.7 GAR 1978  |2 21 
100 |a García Castañeda, María Teresa  |e autora  |9 477049 
245 1 0 |a Contabilidad II. 
250 |a Segunda edición 
260 0 3 |a Valparaíso, Chile  |b Universitarias de Valparaíso  |c 1978 
300 |a 374 páginas 
583 |a last modification  |c 20120606 03:26:39  |k Rodrigo Vera 
650 0 |a Contabilidad gerencial  |9 263747 
650 7 |a INFLACION Y CONTABILIDAD  |2 CL-VaPUC  |9 263729 
650 0 |a Pasivos (Contabilidad)  |9 307093 
650 0 |a Académicos   |x Pontificia Universidad Católica de Valparaíso (PUCV)  |9 255553 
942 |c BK  |2 ddc 
945 |d 19901218 00:00:00 
952 |0 0  |1 0  |2 ddc  |4 0  |6 657_700000000000000_GAR_1978  |7 0  |8 A  |9 204258  |a BIBGIM  |b BIBGIM  |d 2019-11-15  |i 2714779  |o 657.7 GAR 1978  |p 2714779  |r 2025-01-15  |t 19  |w 2019-11-15  |y BK  |k COM 
952 |0 0  |1 0  |2 ddc  |4 0  |6 657_700000000000000_GAR_1978  |7 0  |8 A  |9 204259  |a BIBGIM  |b BIBGIM  |d 2019-11-15  |i 194200K  |o 657.7 GAR 1978  |p 194200K  |r 2025-01-15  |t 1  |w 2019-11-15  |y BK  |k COM 
952 |0 0  |1 0  |2 ddc  |4 0  |6 657_700000000000000_GAR_1978  |7 0  |8 A  |9 204260  |a BIBGIM  |b BIBGIM  |d 2019-11-15  |i 1942255  |o 657.7 GAR 1978  |p 1942255  |r 2025-01-15  |t 2  |w 2019-11-15  |y BK  |k COM 
952 |0 0  |1 0  |2 ddc  |4 0  |6 657_700000000000000_GAR_1978  |7 0  |8 A  |9 204261  |a BIBGIM  |b BIBGIM  |d 2019-11-15  |i 1942263  |o 657.7 GAR 1978  |p 1942263  |r 2025-01-15  |t 3  |w 2019-11-15  |y BK  |k COM 
952 |0 0  |1 0  |2 ddc  |4 0  |6 657_700000000000000_GAR_1978  |7 0  |8 A  |9 204262  |a BIBGIM  |b BIBGIM  |d 2019-11-15  |i 1942271  |o 657.7 GAR 1978  |p 1942271  |r 2025-01-15  |t 4  |w 2019-11-15  |y BK  |k COM 
952 |0 0  |1 0  |2 ddc  |4 0  |6 657_700000000000000_GAR_1978  |7 0  |8 A  |9 204263  |a BIBGIM  |b BIBGIM  |d 2019-11-15  |i 1942778  |o 657.7 GAR 1978  |p 1942778  |r 2025-01-15  |t 5  |w 2019-11-15  |y BK  |k COM 
952 |0 0  |1 0  |2 ddc  |4 0  |6 657_700000000000000_GAR_1978  |7 0  |8 A  |9 204264  |a BIBGIM  |b BIBGIM  |d 2019-11-15  |i 1942301  |o 657.7 GAR 1978  |p 1942301  |r 2025-01-15  |t 6  |w 2019-11-15  |y BK  |k COM 
952 |0 0  |1 0  |2 ddc  |4 0  |6 657_700000000000000_GAR_1978  |7 0  |8 A  |9 204265  |a BIBGIM  |b BIBGIM  |d 2019-11-15  |i 194231K  |o 657.7 GAR 1978  |p 194231K  |r 2025-01-15  |t 7  |w 2019-11-15  |y BK  |k COM 
952 |0 0  |1 0  |2 ddc  |4 0  |6 657_700000000000000_GAR_1978  |7 0  |8 A  |9 204266  |a BIBGIM  |b BIBGIM  |d 2019-11-15  |i 1942328  |o 657.7 GAR 1978  |p 1942328  |r 2025-01-15  |t 8  |w 2019-11-15  |y BK  |k COM 
952 |0 0  |1 0  |2 ddc  |4 0  |6 657_700000000000000_GAR_1978  |7 0  |8 A  |9 204267  |a BIBGIM  |b BIBGIM  |d 2019-11-15  |i 1942352  |o 657.7 GAR 1978  |p 1942352  |r 2025-01-15  |t 9  |w 2019-11-15  |y BK  |k COM 
952 |0 0  |1 0  |2 ddc  |4 0  |6 657_700000000000000_GAR_1978  |7 0  |8 A  |9 204269  |a BIBGIM  |b BIBGIM  |d 2019-11-15  |i 2971666  |o 657.7 GAR 1978  |p 2971666  |r 2025-01-15  |t 10  |w 2019-11-15  |y BK  |k COM 
952 |0 0  |1 0  |2 ddc  |4 0  |6 657_700000000000000_GAR_1978  |7 0  |8 A  |9 204270  |a BIBENE  |b BIBENE  |d 2019-11-15  |i 1998358  |o 657.7 GAR 1978  |p 1998358  |r 2025-01-15  |t 11  |w 2019-11-15  |y BK  |k ICO 
952 |0 0  |1 0  |2 ddc  |4 0  |6 657_700000000000000_GAR_1978  |7 0  |8 A  |9 204271  |a BIBENE  |b BIBENE  |d 2019-11-15  |i 1408097  |o 657.7 GAR 1978  |p 1408097  |r 2025-01-15  |t 12  |w 2019-11-15  |y BK  |k ICO 
952 |0 0  |1 0  |2 ddc  |4 0  |6 657_700000000000000_GAR_1978  |7 0  |8 A  |9 204273  |a BIBENE  |b BIBENE  |d 2019-11-15  |i 1408143  |o 657.7 GAR 1978  |p 1408143  |r 2025-01-15  |t 14  |w 2019-11-15  |y BK  |k ICO 
952 |0 0  |1 0  |2 ddc  |4 0  |6 657_700000000000000_GAR_1978  |7 0  |8 X  |9 204274  |a FDOBUD  |b FDOBUD  |d 2019-11-15  |i 1023713  |o 657.7 GAR 1978  |p 1023713  |r 2019-11-15  |t 18  |w 2019-11-15  |y BK_X  |k FHP